书目信息 |
| 题名: |
电子技术(电工学Ⅱ)
|
|
| 作者: | 武丽 主编 | |
| 分册: | ||
| 出版信息: | 北京 机械工业出版社 2014.06 |
|
| 页数: | 229页 | |
| 开本: | 26cm | |
| 丛书名: | ||
| 单 册: | ||
| 中图分类: | TM | |
| 科图分类: | ||
| 主题词: | 电子技术--高等教育--教材 | |
| 电子资源: | ||
| ISBN: | 978-7-111-46085-5 | |
| 000 | 01006nam0 2200241 450 | |
| 001 | 5225 | |
| 005 | 20181016161942.01 | |
| 010 | @a978-7-111-46085-5@dCNY32.00 | |
| 100 | @a20140727d2014 em y0chiy50 ea | |
| 101 | 0 | @achi |
| 102 | @aCN@b110000 | |
| 105 | @aa z 000yy | |
| 200 | 1 | @a电子技术(电工学Ⅱ)@9dian zi ji shu ( dian gong xueⅡ )@f武丽主编 |
| 210 | @a北京@c机械工业出版社@d2014.06 | |
| 215 | @a229页@c图@d26cm | |
| 300 | @a普通高等教育“十二五”规划教材 | |
| 312 | @a封面英文题名:Electrical technology(elecrotechnics Ⅱ) | |
| 330 | @a本书是以教育部颁发的高等学校工科本科电子技术(电工学Ⅱ)课程教学基本要求为依据,结合多年教学实践经验编写的。全书共分13章,内容包括常用半导体器件(二极管、双极型晶体管和场效应晶体管)的工作原理及特性,以及由这些半导体器件构成的常用电子电路的分析和应用、常用电子器件、数字电路及其系统的分析和设计等。 | |
| 606 | 0 | @a电子技术@x高等教育@j教材 |
| 690 | @aTM@v5 | |
| 701 | 0 | @a武丽@9wu li@4主编 |
| 801 | 0 | @aCN@b91MARC@c20140727 |
| 905 | @aMuseLib@dTM@e105 | |
| 电子技术(电工学Ⅱ)/武丽主编.-北京:机械工业出版社,2014.06 |
| 229页:图;26cm |
| 普通高等教育“十二五”规划教材 |
| ISBN 978-7-111-46085-5:CNY32.00 |
| 本书是以教育部颁发的高等学校工科本科电子技术(电工学Ⅱ)课程教学基本要求为依据,结合多年教学实践经验编写的。全书共分13章,内容包括常用半导体器件(二极管、双极型晶体管和场效应晶体管)的工作原理及特性,以及由这些半导体器件构成的常用电子电路的分析和应用、常用电子器件、数字电路及其系统的分析和设计等。 |
| ● |
| 相关链接 |
|
|
|
|
正题名:电子技术(电工学Ⅱ)
索取号:TM/105
 
预约/预借
| 序号 | 登录号 | 条形码 | 馆藏地/架位号 | 状态 | 备注 |
| 1 | 1128694 | 211286945 | 第二样本阅览室/ [索取号:TM/105] | 在馆 | |
| 2 | 1128695 | 211286954 | 密集书库-物理学院/ [索取号:TM/105] | 在馆 | |
| 3 | 1128696 | 211286963 | 第三借阅区/ [索取号:TM/105] | 在馆 | |
| 4 | 1128697 | 211286972 | 第三借阅区/ [索取号:TM/105] | 在馆 | |
| 5 | 1128698 | 211286981 | 第三借阅区/ [索取号:TM/105] | 在馆 |